| 000 | 00965nam a22002657a 4500 | ||
|---|---|---|---|
| 005 | 20170124103035.0 | ||
| 010 | _a121436 | ||
| 020 | _c03.00 | ||
| 035 | _a121436 | ||
| 037 | _bCen Lib/Ret | ||
| 040 |
_aDPL _bHN |
||
| 082 |
_aउ _bरांगेय |
||
| 100 |
_aरांगेय राघव _9102230 |
||
| 245 |
_aदेवकी का बेटा / _cरांगेय राघव |
||
| 246 |
_aDevki ka beta / _bby Rangey Raghav |
||
| 250 | _a2nd ed | ||
| 260 |
_aआगरा _bविनोद पुस्तक मन्दिर _c1956 |
||
| 270 |
_aहॉस्पिटल रोड _bआगरा |
||
| 300 |
_a164पृ. _c17सेमी(सजिल्द) |
||
| 650 |
_aहिन्दी -- साहित्य _9102231 |
||
| 650 |
_aहिन्दी -- उपन्यास _9102232 |
||
| 650 |
_aHindi -- Literature _9102233 |
||
| 650 |
_aHindi -- Fiction _927248 |
||
| 942 |
_2ddc _cHN _hउ _mरांगेय |
||
| 999 |
_c116147 _d116147 |
||